| 000 | 00435nam a2200169Ia 4500 | ||
|---|---|---|---|
| 005 | 20250409110848.0 | ||
| 008 | 231217s9999 xx 000 0 und d | ||
| 020 | _a9788176254892 | ||
| 082 | _a374 SHA;1 R | ||
| 100 | _aSharma, Bela Rani. | ||
| 245 | 0 | _aStrategies of non-formal education | |
| 250 | _a1st ed. | ||
| 260 |
_c2004 _bSarup _aNew Delhi |
||
| 300 | _a327 | ||
| 650 | _aStrategies,non-formal,education | ||
| 942 | _cAA | ||
| 999 |
_c195003 _d195003 |
||